| 000 | 00393nam a2200169Ia 4500 | ||
|---|---|---|---|
| 008 | 230524s9999 xx 000 0 und d | ||
| 020 | _a9788220337060 | ||
| 082 | _bSAS | ||
| 100 | _aS.S.Sastry | ||
| 245 | 0 | _aEngineering Mathamatics | |
| 250 | _a1 | ||
| 260 |
_aNew Delhi _bPHI |
||
| 300 | _a"VI,469p;" | ||
| 500 | _aQuantity Number: 1 | ||
| 650 |
_aMathamatics _942106 |
||
| 942 | _cBK | ||
| 999 |
_c56511 _d56511 |
||